00531nam a22001697a 450000500170000001000130001702000260003003500130005603700130006908200130008210000200009524500820011526000250019727000880022230000290031070000220033920190709154157.0 aB-728446 a9788177581041c899.00 aB-728446 bRK Books a330.0151 aSydsaeter, Knut aMathematics for economic analysis /cby Knut Sydsaeter [and] Peter J. Hammond aNoidabPearsonc2019 a15th Floor, Tower-B, World Trade Tower, Plot No. 1, Sector-16bNoidae201301 (U.P.) a1000p.:bill.c23cm(pbk) aHammond, J. Peter